Francja - prawda czy fałsz? - Statystyki

Ogólne statystyki
  • Ten quiz został rozwiązany 2 875 razy
  • Średni wynik to 11 z 15
Statystyki odpowiedzi
Zagadnienie Odpowiedź % Poprawnych
Francja jest członkiem Paktu Północnoatlantyckiego Prawda
96%
Hymn narodowy Francji ma tytuł "Marsylianka" Prawda
92%
Przeważająca część energii elektrycznej we Francji pochodzi z energii jądrowej Prawda
86%
Nowy Jork został założony przez Francję Fałsz
81%
Strasburg to miasto we Francji Prawda
81%
Francja graniczy z Holandią na kontynencie europejskim Fałsz
78%
Obecna iteracja rządu we Francji jest znana jako „Piąta Republika” Prawda
78%
Koronacja królów francuskich tradycyjnie odbyła się w Lyonie Fałsz
75%
Francja jest państwem największym powierzchniowo w Unii Europejskiej, nie uwzględniając terytoriów zewnętrznych Prawda
69%
Francja jest krajem z wysokimi podatkami, jeśli porównamy z większością innych państw Prawda
68%
We Francji jest więcej protestantów niż katolików Fałsz
65%
Armia francuska nie wygrała żadnych większych bitew od czasów Napoleona Fałsz
63%
Ustawa z 1794 roku ustanawia to, że rząd francuski rozdaje bezpłatne bagietki obywatelom, którzy pojawiają się w jednej z 11 krajowych piekarni Fałsz
60%
We Francji wynaleziono system metryczny Prawda
55%
Karol Wielki urodził się i zmarł na terenie współczesnej Francji Fałsz
49%
Nie znaleziono quizów pasujących do podanych kryteriów
Rozkład punktacji
Procent ludzi z każdym wynikiem
Percentyl według liczby udzielonych odpowiedzi
Twoja historia wyników
Nie rozwiązałeś tego quizu